Normal view
MARC view
Entry Personal Name
001 - CONTROL NUMBER
- control field: 111873
003 - CONTROL NUMBER IDENTIFIER
- control field: OSt
005 - DATE AND TIME OF LATEST TRANSACTION
- control field: 20230524095515.0
008 - FIXED-LENGTH DATA ELEMENTS
- fixed length control field: 230524|| aca||aabn | a|a d
040 ## - CATALOGING SOURCE
- Original cataloging agency: OSt
- Transcribing agency: OSt
100 ## - HEADING--PERSONAL NAME
- Personal name: LUNDAHL (David)
670 ## - SOURCE DATA FOUND
- Source citation: Work cat.: (OSt)165345: LUNDAHL (David)., Breakthrough food product innovation: through emotions research., 2013